| 000 | 00633nam a2200205 u 4500 | ||
|---|---|---|---|
| 005 | 20240806064109.0 | ||
| 008 | 100615s2007 mx r 000 0 spa d | ||
| 020 | _a9689090003 | ||
| 035 | _aUPN01000176555 | ||
| 049 | _aCG | ||
| 050 | 4 |
_aPT2360 A6 _bH6.3 |
|
| 100 | 1 |
_aHoffmann, Ernst Theodor Amadeus, _d1776-1822 _930310 |
|
| 245 | 1 | 3 |
_aEl hombre de la arena / _cE. T. W. Hoffmann ; pról. Sigmund Freud. |
| 260 |
_aMéxico : _bFactoria, _c2007. |
||
| 300 |
_a50 p. : _bil. |
||
| 440 | 3 |
_aEl altar de los muertos. _pFantástica ; _v7 |
|
| 650 | 4 |
_aCUENTOS ALEMANES _98048 |
|
| 650 | 4 |
_aLiteratura alemana _910466 |
|
| 905 | _aLibro | ||
| 999 |
_c148658 _d148658 |
||